000 00450nam a2200181Ia 4500
005 20240823032941.0
008 240823s9999||||xx |||||||||||||| ||und||
041 _aENGLISH
082 _A547.139 Q1
100 _aNarain R D
245 0 _aFundamentals of Reaction Mechanics in Organic Chemistry
250 _a1st
260 _c2011
_b#VALUE!
500 _aTRANSFERED
650 _aorganic chemistry
_bChemistry
942 _cBK
999 _c194651
_d194651